<?xml version="1.0" encoding="UTF-8"?>
<collection xmlns="http://www.loc.gov/MARC21/slim">
  <record>
    <leader>00000nam  2200000   4500</leader>
    <controlfield tag="001">INLIS000000000004261</controlfield>
    <controlfield tag="005">20190117103508</controlfield>
    <datafield tag="035" ind1="#" ind2="#">
      <subfield code="a">0010-0119000160</subfield>
    </datafield>
    <datafield tag="245" ind1="1" ind2="#">
      <subfield code="a">Peningkatan Akuntabilitas Kinerja Instansi Pemerintah Dengan Penyelarasan Perencanaan Dan Penganggaran Pada Bappeda Kabupaten Merangin /</subfield>
      <subfield code="c">Agus</subfield>
    </datafield>
    <datafield tag="100" ind1=" " ind2="#">
      <subfield code="a">Agus</subfield>
    </datafield>
    <datafield tag="300" ind1="#" ind2="#">
      <subfield code="a">vii., 38 Hlm :</subfield>
      <subfield code="b">ilus. ;</subfield>
      <subfield code="c">30 cm.</subfield>
    </datafield>
    <datafield tag="260" ind1="#" ind2="#">
      <subfield code="a">Jakarta :</subfield>
      <subfield code="b">Pusdiklat KAN,</subfield>
      <subfield code="c">2018</subfield>
    </datafield>
    <datafield tag="082" ind1="#" ind2="#">
      <subfield code="a">R. 214 PIM II 2018</subfield>
    </datafield>
    <datafield tag="084" ind1="#" ind2="#">
      <subfield code="a">R. 214 PIM II 2018</subfield>
    </datafield>
    <datafield tag="650" ind1="#" ind2="#">
      <subfield code="a">Perencanaan Penganggaran</subfield>
    </datafield>
    <controlfield tag="008">190117################|##########|#|##</controlfield>
    <datafield tag="990" ind1="#" ind2="#">
      <subfield code="a">1901314</subfield>
    </datafield>
    <datafield tag="990" ind1="#" ind2="#">
      <subfield code="a">1901314</subfield>
    </datafield>
  </record>
</collection>
